000
00259nam a22001097a 4500
040
_c
SCME
100
_a
Nusrat Ali Iseer
_9
122732
245
_a
Aaina Maloomat -e- Pakistan
260
_a
Lahore
_b
Al Faisal Nashraan
_c
2003
300
_a
448p.
942
_2
ddc
_c
BK
999
_c
609177
_d
609177